<?xml version="1.0" encoding="UTF-8"?>
<record
    xmlns:xsi="http://www.w3.org/2001/XMLSchema-instance"
    xsi:schemaLocation="http://www.loc.gov/MARC21/slim http://www.loc.gov/standards/marcxml/schema/MARC21slim.xsd"
    xmlns="http://www.loc.gov/MARC21/slim">

  <leader>00436nam  22001693  4500</leader>
  <controlfield tag="001">202452</controlfield>
  <datafield tag="090" ind1=" " ind2=" ">
    <subfield code="a">202452</subfield>
  </datafield>
  <datafield tag="100" ind1=" " ind2=" ">
    <subfield code="a">20260605d        u||y0pory50      ba</subfield>
  </datafield>
  <datafield tag="200" ind1=" " ind2=" ">
    <subfield code="a">Listen without prejudice (CD &#xE1;udio)</subfield>
    <subfield code="f">George Michael</subfield>
  </datafield>
  <datafield tag="210" ind1=" " ind2=" ">
    <subfield code="a">London</subfield>
    <subfield code="c">CBS Recods</subfield>
    <subfield code="d">1990 </subfield>
  </datafield>
  <datafield tag="215" ind1=" " ind2=" ">
    <subfield code="c">1 cd &#xE1;udio</subfield>
  </datafield>
  <datafield tag="606" ind1=" " ind2=" ">
    <subfield code="9">1103</subfield>
    <subfield code="a">M&#xFA;sica</subfield>
  </datafield>
  <datafield tag="610" ind1=" " ind2=" ">
    <subfield code="a">musica</subfield>
  </datafield>
  <datafield tag="675" ind1=" " ind2=" ">
    <subfield code="a">78</subfield>
    <subfield code="v">GB</subfield>
    <subfield code="z">eng</subfield>
  </datafield>
  <datafield tag="700" ind1=" " ind2=" ">
    <subfield code="9">17457</subfield>
    <subfield code="a">Michael</subfield>
    <subfield code="b">George</subfield>
  </datafield>
  <datafield tag="801" ind1=" " ind2=" ">
    <subfield code="a">PT</subfield>
    <subfield code="b">BMMN</subfield>
    <subfield code="g">RPC</subfield>
  </datafield>
  <datafield tag="990" ind1=" " ind2=" ">
    <subfield code="c">CD MUSICA</subfield>
  </datafield>
  <datafield tag="995" ind1=" " ind2=" ">
    <subfield code="0">0</subfield>
    <subfield code="2">0</subfield>
    <subfield code="5">2026-06-05</subfield>
    <subfield code="9">32226</subfield>
    <subfield code="b">BMMN</subfield>
    <subfield code="f">31941</subfield>
    <subfield code="k">78 MIC (est)|DEP</subfield>
    <subfield code="o">0</subfield>
    <subfield code="r">CD MUSICA</subfield>
    <subfield code="c">BMMN</subfield>
    <subfield code="s">Compra</subfield>
  </datafield>
</record>
